El dominio público: su naturaleza jurídica

Salvato in:
Dettagli Bibliografici
Autore principale: Alvarez-Gendín, Sabino (Autore)
Natura: Libro
Lingua:spagnolo
Pubblicazione: Barcelona Bosch 1956
Soggetti:
Tags: Aggiungi Tag
Nessun Tag, puoi essere il primo ad aggiungerne!!

MARC

LEADER 00000nam a2200000 a 4500
001 UCS0398
003 CL-VaPUC
008 970426e19560000SP |||||||||||||||||spa|d
082 0 4 |a 343.02  |b ALV  |2 21 
100 0 |a Alvarez-Gendín, Sabino  |e author  |9 383808 
245 1 3 |a El dominio público: su naturaleza jurídica 
300 |a 213 p 
942 |c BK 
945 |d 19970426 00:00:00  |a cmena 
260 |a Barcelona  |b Bosch  |c 1956 
650 7 |a DOMINIO PUBLICO  |2 CL-VaPUC  |9 325256 
650 0 |a Derecho administrativo  |9 254851 
650 7 |a LEGISLACION  |2 CL-VaPUC  |9 383809 
650 7 |a PROPIEDAD PUBLICA  |2 CL-VaPUC  |9 350350 
650 0 |a Aspectos económicos  |9 255165 
583 |a last modification  |c 19970426 00:00:00  |k Rodrigo Vera 
999 |c 258627  |d 258625 
952 |0 0  |1 0  |4 0  |6 343_020000000000000_ALV_1956  |7 0  |8 A  |9 282875  |a BIBDER  |b BIBDER  |d 2019-11-19  |i 1835246  |o 343.02 ALV 1956  |p 1835246  |r 2023-01-25  |w 2019-11-19  |y BK  |k DER